Database systems for management /
Gespeichert in:
| 1. Verfasser: | |
|---|---|
| Weitere Verfasser: | |
| Format: | Buch |
| Sprache: | Englisch |
| Veröffentlicht: |
St. Louis
Times Mirror/Mosby College Pub.
1988.
|
| Schlagworte: | |
| Online-Zugang: | Im OPAC anzeigen |
| Tags: |
Keine Tags, Fügen Sie das erste Tag hinzu!
|
MARC
| LEADER | 00000cam a2200000 a 4500 | ||
|---|---|---|---|
| 005 | 20260127134227.0 | ||
| 008 | 081127s1988 moua b 001 0 eng | ||
| 010 | |a 87-018100 | ||
| 020 | |a 0801611806 | ||
| 035 | |a vtls009449817 | ||
| 039 | 9 | |y 200811270921 |z mschk03 | |
| 040 | |a DLC |c DLC |d DLC |d STUSCHK1 | ||
| 082 | 0 | 0 | |a 658.4/038 |2 19 |
| 100 | 1 | |a Courtney, James F. |q (James Forrest), |d 1944- | |
| 245 | 1 | 0 | |a Database systems for management / |c James F. Courtney, Jr., David B. Paradice. |
| 260 | |a St. Louis |b Times Mirror/Mosby College Pub. |c 1988. | ||
| 300 | |a xxvi, 518 p. |b ill. |c 25 cm. | ||
| 504 | |a Includes bibliographies and index. | ||
| 650 | 0 | |a Management information systems. | |
| 650 | 0 | |a Database management. | |
| 700 | 1 | |a Paradice, David B. | |
| 740 | 0 | |a Data base systems for management. | |
| 906 | |a 7 |b cbc |c orignew |d 1 |e ocip |f 19 |g y-gencatlg | ||
| 910 | |a SCHK95 | ||
| 919 | |a 0-8016-1180-6 | ||
| 991 | |b c-GenColl |h T58.6 |i .C685 1988 |t Copy 1 |w BOOKS | ||
| 999 | |c 7215 |d 7215 | ||